000 00440nam a2200169Ia 4500
008 230524s9999 xx 000 0 und d
082 _a621.3821
_bCHR
100 _aChristos G.Christodoulou
245 0 _aFundamentals of Antennas : Concepts and Applications
250 _a1ST
260 _aNEW DELHI
_bPHI
_c2005
300 _a93
500 _aQuantity Number: 2
650 _aElectronics
700 _a Parveen F.Wahid
942 _cBK
999 _c12958
_d12958